| 000 | 00676nam a22001937a 4500 | ||
|---|---|---|---|
| 999 |
_c75523 _d75523 |
||
| 005 | 20210325214018.0 | ||
| 008 | s2008 eng d | ||
| 020 | _a9780314194114 | ||
| 040 | _aNALT | ||
| 041 | _aeng | ||
| 050 |
_aZ 675.L2 _bH69 2008 |
||
| 245 | 0 | 0 |
_aHow to manage a law school library : _bleading librarians on updating resources, managing budgets, and meeting expectations. |
| 260 |
_a[Boston, Mass.] : _bAspatore Books, _c2008. |
||
| 300 |
_a176 p ; _b _c22 cm. |
||
| 650 | 0 |
_aLaw libraries _922209 _zUnited State _xAdministration |
|
| 850 | _aNALT | ||
| 942 |
_cGB _2lcc |
||